00391nam a22001217a 4500020000800000040001600008082001600024100003700040245009900077250001200176260005400188300002700242 qHB. cFIZZA ISHAQ a433.21bTER aVeronika Schnorr, Peter Terrell. aCollins German Dictionary : German-English, English-German /c Peter Terrell Veronika Schnorr. a2nd ED. aNew York:b William Collins Sons & Co Ltd,c1980. axxvi ; 902 P. ;c25 cm